লোডিং...

The theatre of revolt /

গ্রন্থ-পঞ্জীর বিবরন
প্রধান লেখক: Brustein, Robert Sanford
বিন্যাস: Printed Book
ভাষা:English
প্রকাশিত: Boston: Little, Brown [1964]
সংস্করন:[1st ed.]
বিষয়গুলি:
LEADER 00525 a2200157 4500
008 150103s9999 000 0 eng
082 0 0 |a 809.204  
100 1 |a Brustein, Robert Sanford. 
245 1 4 |a The theatre of revolt / 
250 |a [1st ed.] 
260 |a Boston:  |b Little, Brown  |c [1964] 
300 |a ix, 435 p. 
650 0 |a Drama 
942 |c BK 
999 |c 301384  |d 301384 
952 |0 0  |1 0  |2 ddc  |4 0  |6 809_200000000000000_04_BRU_TH  |7 0  |9 344674  |a DRA  |b DRA  |c ST1  |d 2010-08-20  |e Gift  |i 118G  |l 0  |o 809.2/04 BRU/TH  |p DRA118G  |r 2019-01-03  |w 2019-01-03  |y BK